| 000 | 00437nam a22001697a 4500 | ||
|---|---|---|---|
| 005 | 20180707141501.0 | ||
| 008 | 160701b xxu||||| |||| 00| 0 eng d | ||
| 020 | _a0-07-099068-9 | ||
| 041 | _aeng | ||
| 082 |
_b20227 _a658.15 |
||
| 100 |
_afrank ,JR.Ayres _94478 |
||
| 245 | _aTheory and problems of Mathematics of finance | ||
| 260 |
_bMc graw Hill _anew delhi |
||
| 300 | _a227p, | ||
| 650 |
_aDiploma Engineering _9817 |
||
| 942 | _cBK | ||
| 999 |
_c5016 _d5014 |
||